1732 1981 1421 1032 1184 1940 1933 1985 1712 1656 1250 1868 1766 1248 1590 1068 1571 1815 1844 1502 1570 1706 1884 1217 1564 1824 1856 1517 1938 1267 1964 1850 1384 1525 1511 1256 1468 1584 1652 1948 1674 1030 1461 1151 1313 1927 1754 1810 1441 1366 1361 1033 1583 1182 1418 1450 1901 1621 1027 1761 1190 1617 1464 1082 1761 1857 1069 1952 1507 1887 1263 1015 1818 1526 1409 1186 1975 1543 1229 1343 1073 1111 1088 1795 1197 1520 1018 1626 1172 1681 1439 1180 1670 1852 1349 1889 1393 1565 1064 BCNSPRNW ULIB Ver.6.0+V

เปลี่ยนเป็นภาษาไทย

Change to English
 แสดงรายละเอียดบรรณานุกรม
  กลับหน้าหลัก

Brief Record : Get Marc (ISO 2709) : E-mail record : QR code < ปิดหน้าต่าง
LEADER : 00000nam 2200000uu 4500
001    13399114999
003     ULIB
008    120627s2552||||th 000 0 tha d
020    ^a9786110600064
090    ^aนว.^bA111จ 2552
100 0  ^aAndra
245 00 ^aหนึ่งจันทร์กลางใจ/^cAndra
250    ^aพิมพ์ครั้งที่ 2
260    ^aกรุงเทพฯ :^cแจ่มใส,^c2552
300    ^a359 หน้า
945    ^p15771^l0^i15771
995    ^aกัณชพร
999    ^aใช้งานได้ทุกระบบ
รายการนี้ยังไม่มีแท็ก
คุณยังไม่ได้ล็อกอิน คุณสามารถมีกิจกรรมร่วมกับเว็บไซต์ได้ แต่ต้องล็อกอินก่อน ::
  ล็อกอิน

รายการสื่อสารสนเทศ

ลำดับที่ ประเภท เลขเรียก/บาร์โค้ด สถานที่ สถานะ
1. นวนิยาย
นวนิยาย
นว. A111จ 2552  
  Barcode: 15771
ห้องสมุดวิทยาเขตสวรรค์ประชารักษ์
►นวนิยาย
บนชั้น
  ขอยืม

รายการใกล้เคียง
    ผู้แต่ง [Andra]

BibComment


ยังไม่เคยถูกคอมเมนท์

คอมเมนท์ทรัพยากรรายการนี้
  คอมเมนท์: หนึ่งจันทร์กลางใ..


 Copyright 2026. Bcnsprnw @Library